| 000 | 01473nam a2200397 c 4500 | ||
|---|---|---|---|
| 999 |
_c166813 _d166813 |
||
| 003 | BLK | ||
| 005 | 20240618091336.0 | ||
| 008 | 180411b bul|||||r ||||||| ||bul|| | ||
| 010 | _aKNG00174565000 | ||
| 040 | _aBLK | ||
| 041 |
_aBUL _cBUL |
||
| 080 |
_aГеография на Европа _b913(4) _x(035) _z913(4)(035) |
||
| 100 |
_aДойков, Васил Георгиев _gГеограф, краевед, писател _d1930-2018 _9364377 |
||
| 139 |
_aДойков, Васил Георгиев и др. _bД 71 |
||
| 245 | 1 | 0 |
_aДунав и Дунавският воден път _bСправочник _cВасил Георгиев Дойков; съавт. Любен Т. Ботев. |
| 257 | _aBGR | ||
| 260 |
_bНаука и изкуство _c1980 _fПлевен : Ал. Пъшев _aСофия |
||
| 300 |
_a287 с. _bс ил. _c20 см |
||
| 380 | _a91 | ||
| 650 | 4 |
_aДунав _9178849 |
|
| 651 | 4 |
_aБългария _9241624 |
|
| 651 | 4 |
_aДунав _9178849 |
|
| 653 | _aДунав | ||
| 653 | _aсправочници | ||
| 659 | _aК | ||
| 700 | 1 |
_aБотев, Любен Т. _eсъавт. _9337254 |
|
| 852 | _aЦб 104285 | ||
| 852 | _aК 91/Д 71 В | ||
| 856 | 4 |
_qpdf _i0.00 _ldisable |
|
| 856 | 4 |
_qpdf _i0.00 _ldisable |
|
| 942 |
_cKNG _n0 _08 _s1 |
||
| 944 |
_aCR _c23.04.2015 _lВаля Йорданова _k30558 |
||
| 944 |
_aED _c11.08.2015 _l23.04.2015 - от С1,Р / 23.04.2015 _kВаля_Йорданова |
||
| 999 | _d166813 | ||
| 999 | _d166813 | ||